书目信息 |
| 题名: |
国语.战国策
|
|
| 作者: | 左丘明 , 刘向 著 | |
| 分册: | ||
| 出版信息: | 长沙 岳麓书社 1988.09 |
|
| 页数: | 353页 | |
| 开本: | 32开 | |
| 丛书名: | ||
| 单 册: | ||
| 中图分类: | K231.04 | |
| 科图分类: | ||
| 主题词: | 中国--古代史--封建社会 | |
| 电子资源: | ||
| ISBN: | 7-80520-113-7 | |
| 000 | 00583nam0 2200205 45 | |
| 001 | 0010231969 | |
| 005 | 20001116203931.5 | |
| 010 | @a7-80520-113-7@d16.50元 | |
| 100 | @a20001023d1988 km y0chiy0120 ea | |
| 101 | 0 | @achi |
| 105 | @a z 000yy | |
| 200 | 1 | @a国语.战国策@AGuo Yu.Zhan Guo Ce@f左丘明,刘向著@FZuo Qiu Ming,Liu Xiang Zhu |
| 210 | @a长沙@c岳麓书社@d1988.09 | |
| 215 | @a353页@d32开 | |
| 606 | 0 | @a中国@x古代史@x封建社会 |
| 690 | @aK231.04@v3 | |
| 701 | 0 | @a左丘明@4著 |
| 701 | 0 | @a刘向@4著 |
| 801 | @aCN@bPftUser@c20001023 | |
| 905 | @b410875-876@dK231.04@eG:799@f2 | |
| 国语.战国策/左丘明,刘向著.-长沙:岳麓书社,1988.09 |
| 353页;32开 |
| ISBN 7-80520-113-7:16.50元 |
| ● |
| 相关链接 |
|
|
|
正题名:国语·战国策
索取号:K231.04/G:799
 
预约/预借
| 序号 | 登录号 | 条形码 | 馆藏地/架位号 | 状态 | 备注 |
| 1 | 410875 | 204108759 | 社科库309/309社科库 33排1列6层/ [索取号:K231.04/G:799] | 在馆 | |
| 2 | 410876 | 204108768 | 自科二线404/400A自科库 54排1列2层/ [索取号:K231.04/G:799] | 在馆 |